|
|
|
|
| LEADER |
00000nam0a2200000 4500 |
| 001 |
279406 |
| 005 |
20231101235215.0 |
| 020 |
|
|
|a RU
|b 86-27240
|
| 035 |
|
|
|a (RuTPU)RU\TPU\book\302684
|
| 090 |
|
|
|a 279406
|
| 100 |
|
|
|a 20141218d1986 k y0rusy5003 ca
|
| 101 |
1 |
|
|a rus
|c fre
|
| 102 |
|
|
|a RU
|
| 105 |
|
|
|a a z 001zy
|
| 200 |
1 |
|
|a Программируемые контроллеры
|e пер. с фр.
|f Ж. Мишель, К. Лоржо, Б. Эспьо
|
| 210 |
|
|
|a Москва
|c Машиностроение
|d 1986
|
| 215 |
|
|
|a 171 с.
|c ил.
|
| 320 |
|
|
|a Библиогр.: с. 171-172 (42 назв.)
|
| 606 |
1 |
|
|a Устройства управления и контроля
|2 stltpush
|3 (RuTPU)RU\TPU\subj\63470
|9 80496
|
| 610 |
1 |
|
|a программные контроллеры
|
| 610 |
1 |
|
|a архитектура
|
| 610 |
1 |
|
|a программируемые логические устройства
|
| 610 |
1 |
|
|a программное обеспечение
|
| 610 |
1 |
|
|a методология
|
| 675 |
|
|
|a 681.326
|z rus
|v 3
|
| 700 |
|
1 |
|a Мишель
|b Ж.
|g Жиль
|4 070
|
| 701 |
|
1 |
|a Лоржо
|b К.
|g Клод
|
| 701 |
|
1 |
|a Эспьо
|b Б.
|g Бернар
|
| 801 |
|
0 |
|a RU
|b RuMRKP
|c 19950704
|g psbo
|
| 801 |
|
1 |
|a RU
|b 63413507
|c 20141218
|
| 801 |
|
2 |
|a RU
|b 63413507
|c 20180131
|g RCR
|
| 942 |
|
|
|c BK
|